Le recours pour excés de pouvoir depuis 1954. Douze ans de jurisprudence
Wedi'i Gadw mewn:
| Prif Awdur: | |
|---|---|
| Fformat: | Llyfr |
| Iaith: | Ffrangeg |
| Cyhoeddwyd: |
París
Librairie Générale de Droit et de Jurisprudence
1968
|
| Cyfres: | Bibliothèque de Droit Public, 83
|
| Pynciau: | |
| Tagiau: |
Ychwanegu Tag
Dim Tagiau, Byddwch y cyntaf i dagio'r cofnod hwn!
|
MARC
| LEADER | 00000nam a2200000 a 4500 | ||
|---|---|---|---|
| 001 | UCS0510 | ||
| 003 | CL-VaPUC | ||
| 008 | 970426e19680000FR |||||||||||||||||fre|d | ||
| 082 | 0 | 4 | |a 342.088 |b LAN |2 21 |
| 100 | 0 | |a Landon, Pierre |e author |9 384116 | |
| 245 | 1 | 3 | |a Le recours pour excés de pouvoir depuis 1954. Douze ans de jurisprudence |
| 300 | |a 182 p | ||
| 942 | |c BK | ||
| 945 | |d 19970426 00:00:00 |a paguirre | ||
| 260 | |a París |b Librairie Générale de Droit et de Jurisprudence |c 1968 | ||
| 650 | 0 | |a Derecho administrativo |9 254851 | |
| 650 | 0 | |a Administración pública |9 255343 | |
| 650 | 0 | |a Responsabilidad del estado |9 258115 | |
| 650 | 7 | |a EXCESO DE PODER |2 CL-VaPUC |9 384117 | |
| 650 | 0 | |a Gobierno |9 255508 | |
| 651 | 0 | |a Francia |9 255157 | |
| 583 | |a last modification |c 19970426 00:00:00 |k Rodrigo Vera | ||
| 490 | 0 | |a Bibliothèque de Droit Public, 83 | |
| 999 | |c 258736 |d 258734 | ||
| 952 | |0 0 |1 0 |4 0 |6 342_088000000000000_LAN_1968 |7 0 |8 A |9 283014 |a BIBDER |b BIBDER |d 2019-11-19 |i 1836315 |o 342.088 LAN 1968 |p 1836315 |r 2023-01-25 |w 2019-11-19 |y BK |k DER | ||